000 03204cam a22012134i 4500
003 PE-LiUPU
005 20250813185349.0
008 150617s1991 mx r 000 0 spa d
020 _a9681836650
020 _a9789681836658
035 _a(Sirsi) i9789681836658
040 _aPE-LiUPU
_bspa
_cPE-LiUPU
_erda
049 _aPRUA
082 0 4 _a378.5
_bC3
_221
245 0 0 _aCasos de educación especial /
_cJames R. Patton.
264 1 _aMéxico :
_bLimusa,
_c1991.
300 _a308 páginas ;
_c23 centímetros
336 _atext
_2rdacontent
337 _aunmediated
_2rdamedia
338 _avolume
_2rdacarrier
505 0 _aIntroducción a la educación especial -- Problemas de aprendizaje -- Perturbación emocional y trastornos de la conducta -- Retraso mental -- Impedimentos severos y profundos -- Deterioro físico y de la salud -- Deterioro visual -- Deterioro auditivo -- Trastornos de la comunicación -- Niños superdotados -- Diversidad cultural -- Niñez temprana -- Adolescencia y edad adulta -- Antecedentes, situación actual y perspectivas.
526 _aP202
526 _aP201
526 _aP163
526 _aP162
526 _aP161
526 _aP160
526 _aP148
526 _aP147
526 _aP146
526 _aP145
526 _aP144
526 _aP143
526 _aP142
526 _aP141
526 _aP140
526 _aP139
526 _aP138
526 _aP137
526 _aP136
526 _aP135
526 _aP134
526 _aP133
526 _aP129
526 _aP128
526 _aP127
526 _aP120
526 _aP119
526 _aP118
526 _aP116
526 _aP115
526 _aP114
526 _aP110
526 _aP109
526 _aP108
526 _aP104
526 _aP103
526 _aP102
526 _aP99
526 _aP98
526 _aP97
526 _aP96
526 _aP95
526 _aP93
526 _aP90
526 _aP89
526 _aP88
526 _aP83
526 _aP82
526 _aP62
526 _aP59
526 _aP58
526 _aP57
526 _aP51
526 _aP49
526 _aP48
526 _aP47
526 _aP29
526 _aP24
526 _aP20
526 _aP19
526 _aP17
526 _aP15
526 _aP14
526 _aP12
526 _aP10
526 _aP09
526 _aP08
526 _aP07
526 _aP06
526 _aP05
526 _aP04
526 _aP01
650 0 4 _aEducación especial.
650 0 4 _aNiños con discapacidad
_xEducación.
700 1 _aPatton,James R.,
_ecoautor.
910 _ajck
_bjvq
_cjck
_d20150616
942 _2ddc
_cBOOK
949 _a378.5 P28
_wDEWEY
_c1
_i35675
_d2015-9-21
_e2015-9-20
_lCCODEBUL1
_mBUL
_n2
_r0
_sY
_tBOOK
_u2015-6-17
_xEDUCACION
_zUNKNOWN
_0COMPRA
_o.STAFF. Colección General
994 _aC0
_bPEPRU
596 _a1
999 _a378.5 C3
_wDEWEY
_c19091
_i35675
_d19091
_e2015-9-20
_f2021-11-5
_g6
_lCCODEBUL1
_mBUL
_n2
_p30.00
_r0
_sY
_tBOOK
_u2015-6-17
_xBIBLIOTECA
_zUNKNOWN
_0COMPRA
_o.STAFF. Colección General
980 _81
_gALBERTO SANCHEZ Responsable de Automatización